[Event "POL-chT 58th 2nd League"]
[Site "Wisla"]
[Date "2002.??.??"]
[Round "?"]
[White "Bielinski, Leszek"]
[Black "Niziolek, Grzegorz"]
[Result "1-0"]
[WhiteElo "2188"]
[BlackElo "2100"]
[PlyCount "40"]
[EventDate "2002.08.30"]
[EventType "team-swiss"]
[EventRounds "11"]
[EventCountry "POL"]
[SourceTitle "EXT 2019"]
[Source "ChessBase"]
[SourceDate "2018.10.10"]
[SourceVersion "1"]
[SourceVersionDate "2018.10.10"]
[SourceQuality "1"]

1. e4 a6 2. d4 b5 3. Nf3 e6 4. Bd3 Bb7 5. 0-0 c5 6. c3 Be7 7. Be3 Qc7 8. Nbd2 Nf6 9. Rc1 Ng4 10. e5 Nxe3 11. fxe3 f5 12. exf6 gxf6 13. Nh4 d6 14. Qh5+ Kd7 15. Ng6 Rg8 16. Qxh7 Nc6 17. Rxf6 Rae8 18. Rf7 Qd8 19. Qh3 Kc8 20. Qxe6+ Kb8 1-0